000 00526nam a2200193 i 4500
001 129149
003 ES-MaACL
005 20230906193439.0
007 t|
008 070607s1968 sp ||||1| spa d
080 _a811.361(075.4)
100 1 _aTene.
_9109696
245 1 0 _aCuadernos de vascuence hablado /
_cpor Tene.
260 _aZarauz :
_bItxaropena,
_c[1968]
300 _a20 p. ;
_c18 cm.
500 _aEs el cuaderno 1º.
650 1 4 _aLengua vasca-
_vMétodos.
_914339
852 _aES-MaACL
_j2064-F-3
_bR.67171
999 _c129149
_d129149